Invention

Bibliographic Details
Main Author: Zaiti Deraman
Corporate Author: Title
Format: Book
Published: Selangor : Pustaka Cahaya Intelek
Series:All about...
Subjects:

MARC

LEADER 00000cam a2200000 7i4500
001 0000001874
005 20151222.0
008 070709
020 |a 9832303834(set) 
020 |a 9832303842 
090 0 0 |a JF   |b G ENG (1999) 
100 0 |a Zaiti Deraman 
245 1 0 |a Invention 
260 |a Selangor :   |b Pustaka Cahaya Intelek 
440 0 |a All about... 
500 |a Children ages 7-9 years old (orange) 
650 0 |a General 
650 0 |a Junior fiction   |x English   |x Languages 
710 0 |a Title 
999 |a 0000969062   |b Book   |c Children Collection   |e Perbadanan Perpustakaan Awam Johor 
999 |a 0000969064   |b Book   |c Children Collection   |e Perbadanan Perpustakaan Awam Johor 
999 |a 0000969065   |b Book   |c Children Collection   |e Perbadanan Perpustakaan Awam Johor 
999 |a 0000969066   |b Book   |c Children Collection   |e Perbadanan Perpustakaan Awam Johor